Hindu Rashtra : actritique/ (Record no. 751156)

MARC details
000 -LEADER
fixed length control field 00437nam a22001337a 4500
020 ## - INTERNATIONAL STANDARD BOOK NUMBER
ISBN 9788196840020
082 ## - DEWEY DECIMAL CLASSIFICATION NUMBER
Classification number 320.540 954 DAS/H
245 ## - TITLE STATEMENT
Title Hindu Rashtra : actritique/
Statement of responsibility, etc edited by Sukanta Das ;Sudipta Bandhopadhyay and Abhik Mukherjee
260 ## - PUBLICATION, DISTRIBUTION, ETC. (IMPRINT)
Place of publication . - Kolkata
Name of publisher : Sethu Prakashini,
Year of publication , 2024
300 ## - PHYSICAL DESCRIPTION
Number of Pages 304 p
700 ## - ADDED ENTRY--PERSONAL NAME
Personal name Das, Sudipta; Bandhopadhyay and Mukherjee, Abhik
942 ## - ADDED ENTRY ELEMENTS (KOHA)
Source of classification or shelving scheme Dewey Decimal Classification
Koha item type Book
Holdings
Withdrawn status Lost status Source of classification or shelving scheme Damaged status Not for loan Home Library Current Location Date acquired Full call number Accession Number Price effective from Koha item type
    Dewey Decimal Classification     Dept. of Political Science Dept. of Political Science 06/02/2025 320.540 954 DAS/H POL23747 01/09/2025 Book